000 01010cam a2200205 4500
001 ABS62999
008 000000n2000 000 0 eng u
035 _a(Sirsi) u108956
100 _aHillier, H.
245 _aFiguring out sustainability
260 _c2000
490 _aLandscape Design
_v(294) October 2000, 20-21(2)
520 _aThe government strategy "A better quality of life", published in May 1999, set out the principles of sustainable development. At the same time government published a set of indicators to assist in monitoring progress, and to help people understand what sustainable development is about and what actions can be taken. Details and considers fifteen headline indicators chosen from the full set of indicators, which highlight the key issues. (For government strategy see: www.detr.gov.uk).
590 _aABS
650 _aSUSTAINABLE DEVELOPMENT
650 _aINDICATORS
650 _aENVIRONMENTAL PROTECTION
690 _aDEVELOPMENT-SUSTAINABLE
942 _n0
999 _c65064
_d65064